000
00321nam a2200145Ia 4500
100
_a
Strepikheyev/Derevitskayn
650
_a
Chemistry
942
_c
BK
654
_a
Polymer
245
_a
First Course In Polymer Chemistry
260
_b
Mir Publishers
_c
2001
082
_a
547.8
300
_a
448
546
_a
ENGLISH
999
_c
21216
_d
21216